| 000 | 00767nam a22001937a 4500 | ||
|---|---|---|---|
| 003 | 0 | ||
| 005 | 20250205140033.0 | ||
| 008 | 250205b xxu||||| |||| 00| 0 eng d | ||
| 050 |
_aHF 5415.13 _b.Ev93 2023 |
||
| 100 | _aEvangelista, Von Lander G. | ||
| 245 |
_aAyumi: _bdevelopment of an automated salon management system. _cVon Lander G. Evangelista |
||
| 260 |
_aLas Pinas City _bSouthville International School and Colleges _c2023 |
||
| 300 |
_axiv, 171 pages: _bcolored pictures and illustration; _c28cm. |
||
| 500 | _aBachelor of Science in Information Technology. | ||
| 504 | _aIncludes bibliographical references and appendices. | ||
| 650 | _aSalon Management -- Digital Automation. | ||
| 650 | _aAutomated Scheduling -- Salon Operations. | ||
| 942 |
_2lcc _cTH |
||
| 999 |
_c367142 _d367142 |
||